Lignin, potential products and their market value bachelor thesis
Salvato in:
| Autore principale: | |
|---|---|
| Natura: | Libro |
| Lingua: | inglese |
| Pubblicazione: |
Bratislava
STU FCHPT
2015
|
| Accesso online: | Visualizza in OPAC |
| Tags: |
Nessun Tag, puoi essere il primo ad aggiungerne!!
|
MARC
| LEADER | 00000nam a2200000 a 4500 | ||
|---|---|---|---|
| 005 | 20260127134311.0 | ||
| 008 | 161021 2015 000 0 eng d | ||
| 035 | |a vtls011588023 | ||
| 039 | 9 | |y 201610211020 |z mschk03 | |
| 040 | |a STUSCHK1 |b slo |c STUSCHK1 |e AACR2 | ||
| 100 | 1 | |a Hodásová, Ľudmila | |
| 245 | 1 | |a Lignin, potential products and their market value |b bachelor thesis |c Ľudmila Hodásová | |
| 260 | |a Bratislava |b STU FCHPT |c 2015 | ||
| 300 | |a 47 s. |b il. |c 25 cm | ||
| 500 | |a Study programme: Chemistry, Medical Chemistry and Chemical Materials | ||
| 500 | |a Study field: Chemistry, Chemical Technologies | ||
| 500 | |a Training workplace: Department of Wood, Pulp and Paper | ||
| 500 | |a Reg.No.: FCHPT-13569-61105 | ||
| 910 | |a SCHK95 | ||
| 999 | |c 9210 |d 9210 | ||